|
|
|
|
| LEADER |
00000naa2a2200000 4500 |
| 001 |
91955 |
| 005 |
20231031104404.0 |
| 035 |
|
|
|a (RuTPU)RU\TPU\book\98547
|
| 090 |
|
|
|a 91955
|
| 100 |
|
|
|a 20060303d2002 k y0rusy50 ca
|
| 101 |
0 |
|
|a rus
|
| 102 |
|
|
|a RU
|
| 200 |
1 |
|
|a Самостоятельная работа - как важнейшая форма учебной деятельности на занятии по иностранномы языку
|f Э. В. Скрипченко
|
| 320 |
|
|
|a Библиогр.: 7 назв.
|
| 463 |
|
0 |
|0 (RuTPU)RU\TPU\book\68511
|t Философские проблемы воспитания молодежи
|o труды межрегиональной научно-практической конференции, 25 ноября 2002 года, Юрга
|f Томский политехнический университет; Юргинский филиал; Кемеровский государственный университет
|v С. 72-78
|d 2002
|p 242 с.
|
| 610 |
1 |
|
|a учебная деятельность
|
| 610 |
1 |
|
|a иностранные языки
|
| 610 |
1 |
|
|a обучение
|
| 610 |
1 |
|
|a самостоятельная работа
|
| 610 |
1 |
|
|a труды учёных ТПУ
|
| 700 |
|
1 |
|a Скрипченко
|b Э. В.
|
| 801 |
|
1 |
|a RU
|b 63413507
|c 20060303
|g PSBO
|
| 801 |
|
2 |
|a RU
|b 63413507
|c 20110113
|g PSBO
|
| 942 |
|
|
|c BK
|